000 00609nam a2200205Ia 4500
003 IN-BaIIA
008 211028s9999 xx 000 0 eng d
020 _a81-87972-03-3
040 _cIIA Library
080 _a681.3
_bAXE
100 _aAxelson, J
245 0 _aSerial port complete
_bprogramming and circuits for RS-232 and RS-485 links and networks
_cJ. Axelson
260 _aMumbai
_bPenram International
_c1998
300 _axiv, 306p.
650 _aMicrocontroller
_926656
650 _aNetwork programming
_927140
650 _aPC Programming
_927141
650 _aSerial port
_927142
942 _cBK
999 _c15069
_d15069